Aruba Country Quiz - Statistics

General Stats
  • This quiz has been taken 20 times
  • The average score is 9 of 12
Answer Stats
Clue Answer % Correct
Official language of government proceedings Dutch
94%
Closest mainland country Venezuela
94%
Kingdom that Aruba is a constituent country of Netherlands
88%
Capital and largest city Oranjestad
88%
The most spoken language is Papiamento, a creole of this other European language Portuguese
88%
Empire that controlled Aruba from 1499 to 1636 Spain
88%
Aruba is the westernmost island in this alphabetic archipelago {ABC} islands
76%
Fellow constituent country that is fifty miles to Aruba's east Curaçao
76%
... which lies at the southern end of this sea Caribbean Sea
71%
... who called it useless, because it ostensibly lacked this substance Gold
53%
Local currency Florin
47%
Autonomy activist nicknamed "the Liberator" Betico Croes
18%
No matching quizzes found
Score Distribution
Percent of People with Each Score
Percentile by Number Answered
Your Score History
You have not taken this quiz